| 000 | 00514nam a2200205Ia 4500 | ||
|---|---|---|---|
| 008 | 170918s9999 xx 000 0 und d | ||
| 020 | _a9780590907453 | ||
| 050 | _bJ548 1993 | ||
| 100 | _aJensen, Patricia | ||
| 245 | 2 | _aA funny man / | |
| 245 | _cPatricia Jensen ; illustrated by Wayne Becker. | ||
| 260 | _aNew York : | ||
| 260 | _bScholastic, | ||
| 260 | _c1993 | ||
| 300 | _aunpaged : | ||
| 300 | _bcolored illustration ; | ||
| 300 | _c23cm. | ||
| 440 | _aMy first hello reader. | ||
| 500 | _a240 | ||
| 999 |
_c341157 _d341157 |
||